[Event "Novokuznetsk SFO-ch U15"]
[Site "Novokuznetsk"]
[Date "2014.11.05"]
[Round "4"]
[White "Lebedev, Daniil"]
[Black "Yan Kin, Alexandr"]
[Result "1/2-1/2"]
[WhiteElo "700"]
[BlackElo "700"]
[PlyCount "126"]
[EventDate "2014.11.02"]
[EventType "swiss"]
[EventRounds "9"]
[EventCountry "RUS"]
[SourceTitle "CBM 163 Extra"]
[Source "ChessBase"]
[SourceDate "2014.12.23"]
[SourceVersion "1"]
[SourceVersionDate "2014.12.23"]
[SourceQuality "1"]

1. e4 b6 2. d4 Bb7 3. Nc3 e6 4. Nf3 Be7 5. Be3 Nf6 6. e5 Nd5 7. Nxd5 Bxd5 8. c4 Bb7 9. Be2 0-0 10. 0-0 d6 11. a3 c5 12. exd6 Bxd6 13. dxc5 Bxc5 14. Qxd8 Rxd8 15. Bxc5 bxc5 16. Rad1 Na6 17. h3 h6 18. Rfe1 Bc6 19. b3 Rab8 20. Rxd8+ Rxd8 21. Rd1 Rxd1+ 22. Bxd1 Kf8 23. Ne5 Bb7 24. Kh2 Ke7 25. Nd3 f6 26. f4 g6 27. Bc2 Be4 28. Ne1 Bxc2 29. Nxc2 f5 30. g3 Kd6 31. Kg2 e5 32. fxe5+ Kxe5 33. Kf3 g5 34. Ne3 f4 35. Ng4+ Kd4 36. gxf4 gxf4 37. Nxh6 Nc7 38. Kxf4 Ne6+ 39. Kf5 Ng7+ 40. Kg6 Kc3 41. Kxg7 Kxb3 42. Nf5 Kxc4 43. h4 Kd3 44. Nd6 c4 45. Nxc4 Kxc4 46. h5 Kb3 47. h6 Kxa3 48. h7 a5 49. h8Q a4 50. Qh2 Kb3 51. Qe5 a3 52. Qe3+ Kb2 53. Qd2+ Kb1 54. Qd1+ Kb2 55. Qd4+ Kb1 56. Qd3+ Kb2 57. Qd2+ Kb1 58. Qb4+ Ka2 59. Kg6 Ka1 60. Kf5 a2 61. Qd2 Kb1 62. Qd3+ Kb2 63. Ke4 a1Q 1/2-1/2